000 00685nam a2200121Ia 4500
008 220615s9999||||xx |||||||||||||| ||und||
100 _aGalinon-Mélénec, Béatrice||Zlitni, Sami
245 0 _aTraces numériques. De la production à l'interprétation
_bDe la production à l'interprétation
546 _aEnglish[eng]
650 _aSociology||Sociologie||communication||éthique||internet||technologie||numérique||numérique
856 _uhttps://library.oapen.org/bitstream/20.500.12657/24905/1/1005197.pdf||https://library.oapen.org/bitstream/20.500.12657/24905/1/1005197.pdf||https://library.oapen.org/bitstream/20.500.12657/24905/1/1005197.pdf
942 _cEB
999 _c11926
_d11926